| 000 | 01572nam a22003377a 4500 | ||
|---|---|---|---|
| 001 | 0057346 | ||
| 003 | KOHA_MİRAKIL | ||
| 005 | 20260207004118.0 | ||
| 007 | ta | ||
| 008 | 160429b1994 tu |||gro|||#1|||0|tur | | ||
| 020 | _c0,01 | ||
| 040 |
_aTR-BiSEU _btur _cTR-BiSEU _erda |
||
| 041 | 0 | _atur | |
| 044 | _ctu | ||
| 050 |
_aHD9502 _b.T87 1994 |
||
| 111 | 2 |
_aTürkiye Enerji Kongresi (6. : 1994 : İzmir) _947362 |
|
| 245 | 1 |
_aTürkiye 6. Enerji Kongresi : _b17-22 Ekim 1994 İzmir : _bKongrenin ve Türkiye enerji günü'nün açılış ve kapanış konuşmaları, nükleer enerji paneli, enerji sektöründe yerli imalat paneli. |
|
| 250 | _a1994 | ||
| 264 | 1 |
_aAnkara : _bDünya Enerji Konseyi Türk Milli Komitesi _c1994 |
|
| 300 |
_ac. ; _c25 cm. |
||
| 336 |
_ametin _btxt _2rdacontent |
||
| 337 |
_aaracısız _bn _2rdamedia |
||
| 338 |
_acilt _bnc _2rdacarrier |
||
| 500 | _aKaynakça var. | ||
| 500 | _a1. Enerji kaynakları - 2. Elektrik santralleri enerji ve çevre - 3. Doğal gaz-kömür teknolojisi - 4. Türkiye'nin enerji politikası-enerjide özelleştirme-enerji sektöründe yapılanma, yasa ve finansman sorunları - 5. Enerjide bölgesel veuluslararası ilişkiler-enerji tasarrufu ve verimlilik - 6. Enerjide yerli sanayi-enerji üretimi, iletimi ve dağıtımında kullanılan teçhizatta kalite ve standardizasyon-diğer konular. | ||
| 650 | 0 |
_aEnerji kaynakları. _96907 |
|
| 650 | 0 |
_aEnerji politikası--Türkiye--Kongreler. _938066 |
|
| 650 | 0 |
_aÇevre politikası--Türkiye--Kongreler. _940567 |
|
| 907 | _aKongre | ||
| 942 |
_2lcc _cBK |
||
| 999 |
_c57151 _d57151 |
||